000 00304nam a22001337a 4500
008 181107b xxu||||| |||| 00| 0 eng d
020 _a9780761986089
041 _aeng
080 _a316
100 _a50
101 _aSOC
245 _aCritical Thinking for Social Workers
_cGibbs, L
942 _2udc
_cBK
999 _c52147
_d52147